banner-ar

من الصداقة الى الزواج / (Record no. 53213)

MARC details
000 -الفاتح
حقل البيانات ثابتة الطول 00432nam a2200145Ia 4500
008 - عناصر البيانات ثابتة الطول - معلومات عامة
حقل البيانات ثابتة الطول 140319s9999 xx 000 0 ara d
040 ## - مصدر الفهرسة
وكالة الفهرسة الأصلية GCL /
وكالة النسخ GCL
082 04 - رقم تصنيف ديوى العشرى
رقم التصنيف 276.45
رقم المادة ج.ن
100 1# - المدخل الرئيسى - إسم شخصى
الإسم الشخصى جوزيف صابر
245 10 - بيان العنوان
العنوان من الصداقة الى الزواج /
بيان المسئوليه,etc جوزيف صابر
260 ## - PUBLICATION, DISTRIBUTION, ETC. (IMPRINT)
تاريخ النشر أو التوزيع 1992
300 ## - الوصف المادى
التعداد 84 ص
490 ## - بيان السلسلة
عنوان السلسلة كتب للشباب
رقم المجلد/ التعيين التسلسلي 0
260 ## - PUBLICATION, DISTRIBUTION, ETC. (IMPRINT)
-- [S.N] :
-- دار الثقافة العربية ،
Holdings
حالة التراجع حالة الفقد حالة تلف ليس للاعارة المكان المؤقت الموقع الحالى تاريخ الاكتساب اجمالي اﻻعارات رقم الطلب الباركود تاريخ اخر مشاهدة تاريخ تفعيل السعر نوع وعاء كوها
        مكتبة القاهرة الكبرى مكتبة القاهرة الكبرى 03/26/2014   276.45\ج.ن 127737 03/26/2014 03/26/2014 كتاب
        مكتبة القاهرة الكبرى مكتبة القاهرة الكبرى 03/26/2014   276.45\ج.ن 127738 03/26/2014 03/26/2014 كتاب

Powered By

EGPV